Military Expenditures- 2015 - Statistics

General Stats
  • This quiz has been taken 11 times
  • The average score is 12 of 15
Answer Stats
Spending (billions; USD) Country % Correct
$215* China
100%
$40.9 Japan
100%
$66.4 Russia
100%
$596 United States
100%
$50.9 France
91%
$51.3 India
91%
$55.5 United Kingdom
91%
$23.6 Australia
82%
$39.4 Germany
82%
$36.4 South Korea
82%
$24.6 Brazil
73%
$87.2 Saudi Arabia
73%
$16.1 Israel
64%
$23.8 Italy
64%
$22.8* United Arab Emirates
45%
No matching quizzes found
Score Distribution
Percent of People with Each Score
Percentile by Number Answered
Your Score History
You have not taken this quiz